000 00325nam a22001457a 4500
008 221222b ||||| |||| 00| 0 eng d
020 _a9781405105811
041 _aeng
080 _a7
082 _a7LAM
100 _a19
101 _aART
245 _aAESTHETICS AND THE PHILOSOPHY OF ART
_cLAMARQUE P
942 _2udc
_cBK
999 _c59225
_d59225